Juridica International

Detalles Bibliográficos
Formato: Desconocido
Lenguaje:inglés
Publicado: Tartu Ulikool, Oigusteaduskond : University of Tartu
Materias:
Acceso en línea:Acceso restringido

MARC

LEADER 00000ny a22000003n 4500
005 20110513131530.0
008 070206s19uu9999xx r p s 0 a0eng d
022 |a 1406-1082 
022 |a 1406-5509 
035 |a 5062 
040 |a BUS  |d vLex 
080 |a Derecho 
090 |c 1882  |d 1882 
245 3 0 |a Juridica International  |h [Recurso electrn̤ico] 
256 |a Servicio en ln̕ea 
260 |a Tartu Ulikool, Oigusteaduskond :  |b University of Tartu 
506 1 |a Contenido solo disponible en los productos indicados  |d vLex Global  |d vLex Global (Academic Edition, excluding Law Schools)  |d vLex Global (U.S. Academic Edition, Law Schools)  |d vLex Global (U.S. Academic Edition, excluding Law Schools)  |d vLex Global (Academic Edition, Law Schools) 
650 0 4 |a Derecho internacional privado  |2 Tesauro vLex 
650 0 4 |a Fuentes del derecho Civil  |2 Tesauro vLex 
740 0 |a vLex Revista (Servicios en ln̕ea) 
853 |8 1  |i (year)  |j (month)  |k (day) 
856 4 0 |u http://vlex.com/source/5062  |z Acceso restringido 
942 |c REV